Library Banner

A history of the freedom movement 1707 - 1831: (Record no. 22092)

MARC details
000 -LEADER
fixed length control field 00700nam a2200229Ia 4500
001 - CONTROL NUMBER
control field 21793
008 - FIXED-LENGTH DATA ELEMENTS--GENERAL INFORMATION
fixed length control field 140409s9999 xx 000 0 und d
020 ## - INTERNATIONAL STANDARD BOOK NUMBER
International Standard Book Number 9789694073569
040 ## - CATALOGING SOURCE
Transcribing agency PK-LaUMT
082 ## - DEWEY DECIMAL CLASSIFICATION NUMBER
Classification number 954.0359
Item number HIS-
100 ## - MAIN ENTRY--PERSONAL NAME
Personal name A B. A. Haleem
245 #2 - TITLE STATEMENT
Title A history of the freedom movement 1707 - 1831:
Remainder of title (being the story of Muslim struggle for the freedom of Hind-Pakistan)
Statement of responsibility, etc A B. A. Haleem<>A. Halim<>M. B. Ahmad<>Mahmood Hussain
260 ## - PUBLICATION, DISTRIBUTION, ETC. (IMPRINT)
Place of publication, distribution, etc Karachi,Pakistan:
Name of publisher, distributor, etc Royal Book Company,
Date of publication, distribution, etc 2008
300 ## - PHYSICAL DESCRIPTION
Extent 630 p.
501 ## - WITH NOTE
With note 1
546 ## - LANGUAGE NOTE
Language note EN
650 ## - SUBJECT ADDED ENTRY--TOPICAL TERM
Topical term or geographic name as entry element History-freedom movement
700 ## - ADDED ENTRY--PERSONAL NAME
Personal name A. Halim
700 ## - ADDED ENTRY--PERSONAL NAME
Personal name M. B. Ahmad
700 ## - ADDED ENTRY--PERSONAL NAME
Personal name Mahmood Hussain
942 ## - ADDED ENTRY ELEMENTS (KOHA)
Koha item type Books
Holdings
Withdrawn status Lost status Source of classification or shelving scheme Damaged status Not for loan Home library Current library Date acquired Total Checkouts Full call number Barcode Date last seen Date checked out Price effective from Koha item type
    Dewey Decimal Classification     UMT Main Campus UMT Main Campus 2014-04-09 3 954.0359 HIS- 41759 2018-12-07 2018-11-27 2014-04-23 Books
    Dewey Decimal Classification     UMT Main Campus UMT Main Campus 2014-06-19   954.0359 HIS- 59601 2014-06-19   2014-06-19 Books